Introduction to Microprocessors: from Chips to systems (Record no. 62344)

MARC details
000 -LEADER
fixed length control field 00424nam a2200169Ia 4500
008 - FIXED-LENGTH DATA ELEMENTS--GENERAL INFORMATION
fixed length control field 230917s9999||||xx |||||||||||||| ||und||
020 ## - ISBN
Price RS0.52
040 ## - CATALOGING SOURCE
-- 32736
Original cataloging agency VIVEKANANDA LIBRARY
041 ## - Language
-- English
082 ## - DDC NUMBER
Classification number 005.26 Z13I
100 ## - MAIN ENTRY--PERSONAL NAME
Personal name Zaks, Rodnay
245 #0 - TITLE STATEMENT
Title Introduction to Microprocessors: from Chips to systems
250 ## - EDITION STATEMENT
Edition statement Ist ed.
260 ## - PUBLICATION, DISTRIBUTION, ETC. (IMPRINT)
Place of publication, distribution, etc Delhi
Name of publisher, distributor, etc Publications
Date of publication, distribution, etc 1985
300 ## - PHYSICAL DESCRIPTION
Pages xvi, 552 p.
942 ## - ADDED ENTRY ELEMENTS (KOHA)
Koha item type Books
Holdings
Withdrawn status Lost status Damaged status Not for loan Location (home branch) Sublocation or collection (holding branch) Shelving location Date acquired Koha issues (times borrowed) Koha full call number Accession No. Koha date last seen Koha item type
        VIVEKANANDA LIBRARY VIVEKANANDA LIBRARY UIET Library 29/08/2002   005.26 Z13I 133966 17/09/2023 Books
© Designed and Maintained by Vivekananda Library, MDU Rohtak